| 000 | 01181nam a2200301Ia 4500 | ||
|---|---|---|---|
| 005 | 20220317001014.0 | ||
| 008 | 160825s2009 ck g 000 0 spa | ||
| 020 | _a97895804697012 | ||
| 100 | 1 |
_aConrad, Joseph _d1857-1924 |
|
| 245 | 1 | 3 |
_aLa línea de sombra _cJoseph Conrad ; traducido por Ricardo Baeza |
| 250 |
_a2a. edición _b1a. reimpresión |
||
| 300 |
_a146, 51 páginas (en paginación variada) _c21 cm |
||
| 490 | _aCara y cruz | ||
| 505 | _aLa belleza de una noche de mar / Virginia Woolf -- Joseph Conrad / Cesare Pavese -- Intermedio en el Atlántico Sur / Alvaro Mutis -- Noticia de Conrad / Elkin Restrepo | ||
| 534 | _tShadow-line | ||
| 600 | 1 | 4 |
_aConrad, Joseph _d1857-1924 _xCritica e interpretación _97699 |
| 650 | 1 | 4 |
_2LEMB _aNovela inglesa _ySiglo XX |
| 650 | 1 | 4 |
_2LEMB _aLiteratura inglesa _ySiglo XX |
| 650 | 1 | 4 |
_2LEMB _aMarinos en la literatura |
| 650 | 1 | 4 |
_2LEMB _aNavegación en la literatura |
| 942 |
_2loc _cBKLIT |
||
| 264 |
_aBogotá _bNorma _c2009 |
||
| 336 |
_atexto _btxt _2rdacontent |
||
| 337 |
_asin mediación _bn _2rdamedia |
||
| 338 |
_avolumen _bnc _2rdacarrier |
||
| 040 |
_aCO-BoRNBP _bspa _erda _cCO-BoRNBP |
||
| 084 | _aN CON1 | ||
| 999 |
_c5648 _d5648 |
||